[Event "DVM U12 2011"]
[Site "Arendsee (Altmark) GER"]
[Date "2011.12.29"]
[Round "5"]
[White "Abdurakhimov, Peter"]
[Black "Rauch, Marie-Louise"]
[Result "1-0"]
[Termination "normal"]
[Board "5.4"]
[WhiteElo "1394"]
[BlackElo "1029"]
[WhiteTeam "USV TU Dresden"]
[BlackTeam "MTV 1876 Saalfeld"]
[WhiteFideId "12979694"]
[BlackFideId "16217500"]
[EventCountry "GER"]
[EventRounds "7"]
[EventType "team-swiss"]
[EventDate "2011.12.26"]

1. e4 e5 2. Nf3 Nc6 3. Bc4 Bc5 4. b4 Bxb4 5. c3 Be7 6. d4 d6 7. h3 Nf6 8. O-O
h6 9. Re1 a6 10. Nbd2 Na5 11. Bd3 c5 12. dxe5 dxe5 13. Nxe5 O-O 14. f4 Re8 15.
Ndf3 Bd7 16. Kh2 Nc6 17. Nxf7 Kxf7 18. Bc4+ Kf8 19. e5 Na5 20. exf6 Nxc4 21.
fxe7+ Rxe7 22. Rxe7 Qxe7 23. Qd3 Nd6 24. Ba3 Bf5 25. Qd5 Be4 26. Qxc5 Rd8 27.
Rd1 Bxf3 28. Rxd6 Rxd6 29. Qxd6 Qxd6 30. Bxd6+ Kf7 31. gxf3 Ke6 32. Be5 g5 33.
Kg3 Kf5 34. h4 b5 35. hxg5 hxg5 36. Bc7 gxf4+ 37. Bxf4 a5 38. Bc7 a4 39. f4 Ke6
40. Kg4 Kf7 41. Kf5 a3 42. Bd6 Ke8 43. Ke6 1-0

[Event "DVM U12 2011"]
[Site "Arendsee (Altmark) GER"]
[Date "2011.12.29"]
[Round "5"]
[White "von Angern, Cedric"]
[Black "Rieper, Julian"]
[Result "0-1"]
[Termination "normal"]
[Board "6.1"]
[WhiteElo "1450"]
[BlackElo "1477"]
[WhiteTeam "AE Magdeburg"]
[BlackTeam "SK Doppelbauer Kiel"]
[WhiteFideId "12921106"]
[BlackFideId "12936960"]
[EventCountry "GER"]
[EventRounds "7"]
[EventType "team-swiss"]
[EventDate "2011.12.26"]

1. e4 e6 2. d4 d5 3. Nc3 Nf6 4. e5 Nfd7 5. Nf3 c5 6. Be3 Nc6 7. Bb5 a6 8. Bxc6
bxc6 9. Ne2 Qc7 10. Bf4 Rb8 11. b3 Be7 12. O-O O-O 13. Rc1 cxd4 14. Nexd4 c5
15. Ne2 a5 16. Re1 Ba6 17. Qd2 a4 18. Red1 Ra8 19. c4 Nb6 20. cxd5 Nxd5 21. Bg3
axb3 22. axb3 Rfb8 23. Rb1 Bxe2 24. Qxe2 Nc3 25. Qc2 Nxb1 26. Rxb1 c4 27. Nd2
c3 28. Ne4 Bb4 29. Ng5 g6 30. Ne4 Qa5 31. Qc1 Qa2 32. h3 c2 33. Nf6+ Kg7 34.
Rb2 Ba3 35. Rxa2 Bxc1 36. Rxc2 Bg5 37. Rb2 Rb4 38. Nd7 Be7 39. Rc2 Rxb3 40. Nc5
Bxc5 41. Rxc5 Ra1+ 42. Kh2 g5 43. f3 Rb2 44. h4 h6 45. hxg5 hxg5 46. Rc3 Raa2
47. Kh3 Rxg2 48. Re3 Rg1 49. Re1 Rxe1 50. Bxe1 Kg6 51. Kg4 Rg2+ 52. Bg3 Rxg3+
53. Kxg3 Kf5 0-1

[Event "DVM U12 2011"]
[Site "Arendsee (Altmark) GER"]
[Date "2011.12.29"]
[Round "5"]
[White "Wiemann, Niklas"]
[Black "Rößler, Linus Benedict"]
[Result "1-0"]
[Termination "normal"]
[Board "6.2"]
[WhiteElo "1355"]
[BlackElo "1558"]
[WhiteTeam "SK Doppelbauer Kiel"]
[BlackTeam "AE Magdeburg"]
[BlackFideId "12921076"]
[EventCountry "GER"]
[EventRounds "7"]
[EventType "team-swiss"]
[EventDate "2011.12.26"]

1. d4 d5 2. Nf3 Nf6 3. Bg5 e6 4. e3 Be7 5. Bd3 O-O 6. O-O b6 7. c4 dxc4 8. Bxc4
Bb7 9. Nbd2 Nbd7 10. Rc1 Rc8 11. Qe2 Ra8 12. Bf4 c5 13. Rfd1 Qe8 14. Bb5 a6 15.
Bxd7 Qxd7 16. Nb3 Qc6 17. Qf1 Rac8 18. Ne5 Qe8 19. dxc5 bxc5 20. Bg5 Nd5 21.
Bxe7 Qxe7 22. Nxc5 Rxc5 23. Rxc5 Qxc5 24. Nd7 Qe7 25. Nxf8 Qxf8 26. Qd3 g6 27.
Qc2 Qe7 28. Rc1 Kg7 29. Qc4 Qb4 30. b3 Qxc4 31. bxc4 Ne7 32. Kf1 Kf6 33. Ke2
Ke5 34. f3 Kd6 35. Rd1+ Kc7 36. e4 Nc6 37. a3 Ne5 38. f4 Nxc4 39. Rc1 Kd6 40.
Rxc4 h5 41. g3 f6 42. Ke3 Kd7 43. e5 f5 44. Kd4 Bc6 45. a4 Bd5 46. Rc5 Bc6 47.
a5 Bb7 48. Rc1 Bc6 49. Kc5 Kc7 50. Rg1 Bf3 51. Rb1 Be2 52. Rb6 Kd7 53. Rb7+ Ke8
54. Rg7 Kf8 55. Rxg6 Kf7 56. Rh6 Bb5 57. Rxh5 Kg7 58. Kd6 Bc4 59. g4 Be2 60.
Rg5+ Kf7 61. gxf5 1-0

[Event "DVM U12 2011"]
[Site "Arendsee (Altmark) GER"]
[Date "2011.12.29"]
[Round "5"]
[White "Wagner, Tobias"]
[Black "Karlisch, Moritz"]
[Result "0-1"]
[Termination "normal"]
[Board "6.3"]
[WhiteElo "1304"]
[BlackElo "1260"]
[WhiteTeam "AE Magdeburg"]
[BlackTeam "SK Doppelbauer Kiel"]
[WhiteFideId "12943452"]
[BlackFideId "12964859"]
[EventCountry "GER"]
[EventRounds "7"]
[EventType "team-swiss"]
[EventDate "2011.12.26"]

1. e4 c5 2. Nf3 d6 3. d4 cxd4 4. Nxd4 Nf6 5. Nc3 a6 6. Be3 e5 7. Nb3 Be6 8. f3
Nbd7 9. Qd2 Be7 10. O-O-O O-O 11. g4 b5 12. h4 Rc8 13. Kb1 b4 14. Nd5 Bxd5 15.
exd5 a5 16. Bb5 Nb6 17. Bxb6 Qxb6 18. Ba4 Rc7 19. Rc1 Nd7 20. Rhe1 f6 21. Qe3
Qxe3 22. Rxe3 Nc5 23. Nxc5 Rxc5 24. h5 f5 25. Rg1 Bg5 26. Re2 Bf4 27. Rh1 Bg3
28. Rh3 Bf4 29. Bd7 fxg4 30. fxg4 Bg5 31. Reh2 Rf1# 1-0

[Event "DVM U12 2011"]
[Site "Arendsee (Altmark) GER"]
[Date "2011.12.29"]
[Round "5"]
[White "Fronius, Thies"]
[Black "Wolff, Marti"]
[Result "1-0"]
[Termination "normal"]
[Board "6.4"]
[WhiteElo "951"]
[BlackElo "1173"]
[WhiteTeam "SK Doppelbauer Kiel"]
[BlackTeam "AE Magdeburg"]
[BlackFideId "12943487"]
[EventCountry "GER"]
[EventRounds "7"]
[EventType "team-swiss"]
[EventDate "2011.12.26"]

1. e4 c5 2. Nf3 Nc6 3. d4 cxd4 4. Nxd4 g6 5. Nc3 Bg7 6. Be3 Nf6 7. f3 O-O 8.
Qd2 d6 9. Bc4 Bd7 10. O-O-O Rb8 11. h4 Ne5 12. Bb3 b5 13. g4 Nc4 14. Qd3 Nxe3
15. Qxe3 Qb6 16. h5 e5 17. hxg6 exd4 18. gxf7+ Kh8 19. Qxd4 Qxd4 20. Rxd4 Rb6
21. g5 Ng4 22. Rd2 Ne5 23. Rdh2 h6 24. gxh6 Bf6 25. Nd5 Nxf3 26. Nxf6 Bc6 27.
Rg2 1-0

[Event "DVM U12 2011"]
[Site "Arendsee (Altmark) GER"]
[Date "2011.12.29"]
[Round "5"]
[White "Saive, Philipp"]
[Black "Richter, Fabian"]
[Result "1-0"]
[Termination "normal"]
[Board "7.1"]
[WhiteElo "1177"]
[BlackElo "1063"]
[WhiteTeam "SC 1997 Lambsheim"]
[BlackTeam "SK Turm Kleve"]
[WhiteFideId "16274792"]
[EventCountry "GER"]
[EventRounds "7"]
[EventType "team-swiss"]
[EventDate "2011.12.26"]

1. d4 d5 2. Nf3 Nf6 3. Bg5 e6 4. e3 Be7 5. Nbd2 a6 6. Bd3 Nbd7 7. O-O O-O 8.
Ne5 Nxe5 9. dxe5 Nd7 10. Bxe7 Qxe7 11. Qg4 Nxe5 12. Bxh7+ Kxh7 13. Qh5+ Kg8 14.
Qxe5 c6 15. Nf3 f6 16. Qh5 Qf7 17. Qh4 Qg6 18. Rac1 e5 19. Rfe1 Bf5 20. c4 dxc4
21. Qxc4+ Qf7 22. Qxf7+ Rxf7 23. Nh4 Be6 24. a3 Rd7 25. Nf3 Rad8 26. h3 Bb3 27.
Rc3 Rd3 28. Rb1 Rxc3 29. bxc3 Rd1+ 30. Rxd1 Bxd1 31. Nd2 b5 32. Ne4 Kf8 33. Nc5
a5 34. Nb7 b4 35. cxb4 axb4 36. axb4 Ba4 37. Kf1 Ke7 38. Ke1 Bb5 39. g3 Ba6 40.
Na5 Kd7 41. Kd2 Kc7 42. Kc3 Kb6 43. f4 exf4 44. exf4 c5 45. Nc4+ Bxc4 46. Kxc4
cxb4 47. Kxb4 Kc6 48. Kc4 Kd6 49. Kd4 Ke6 50. g4 f5 51. g5 g6 52. Ke3 Kf7 53.
Kd4 Ke6 54. Kc4 Kd6 55. Kd4 Ke6 56. Kc5 Kf7 57. Kd6 Kf8 58. Ke6 Kg7 59. Ke7 Kg8
60. Kf6 Kh7 61. Kf7 Kh8 62. Kxg6 Kg8 63. Kxf5 Kf7 64. h4 Kg8 65. Kg6 Kh8 66.
Kf7 Kh7 67. g6+ Kh6 68. g7 Kh5 69. g8=Q Kxh4 70. Qg5+ Kh3 71. Kf6 Kh2 72. Ke5
Kh3 73. Ke4 Kh2 74. Kf3 Kh1 75. Qg2# 1-0

[Event "DVM U12 2011"]
[Site "Arendsee (Altmark) GER"]
[Date "2011.12.29"]
[Round "5"]
[White "Habersetzer, Marc"]
[Black "Wacker, Felix"]
[Result "1-0"]
[Termination "normal"]
[Board "7.2"]
[WhiteElo "1075"]
[BlackElo "1073"]
[WhiteTeam "SK Turm Kleve"]
[BlackTeam "SC 1997 Lambsheim"]
[BlackFideId "12953040"]
[EventCountry "GER"]
[EventRounds "7"]
[EventType "team-swiss"]
[EventDate "2011.12.26"]

1. e4 e5 2. Nf3 Nc6 3. Bc4 Bc5 4. Nc3 Nf6 5. d3 O-O 6. Bg5 d6 7. Nd5 Bg4 8.
Nxf6+ gxf6 9. Bh6 Re8 10. c3 Ne7 11. h3 Bh5 12. O-O d5 13. exd5 Nxd5 14. a3 Qd7
15. d4 exd4 16. cxd4 Bb6 17. Qd3 Ne7 18. Rad1 Nf5 19. Bf4 Rad8 20. g4 Bxg4 21.
hxg4 Nxd4 22. Nxd4 Qxg4+ 23. Qg3 Qxg3+ 24. Bxg3 Bxd4 25. Bxc7 Rc8 26. Rxd4 Rxc7
27. b3 Rce7 28. Kg2 Re1 29. Rxe1 Rxe1 30. Rd7 Ra1 31. a4 Re1 32. Rxf7 Re5 33.
Rxf6+ Kg7 34. Rf7+ Kg6 35. Rxb7 Rg5+ 36. Kf1 Re5 37. Rxa7 Rc5 38. Bd3+ Kf6 39.
Rxh7 Rc3 40. Bc4 Rc1+ 41. Kg2 Ra1 42. Ra7 Kf5 43. b4 Kf4 44. b5 Rc1 45. Bf1 Rb1
46. a5 Ke5 47. b6 Kd6 48. Rc7 Rb2 49. Kg3 Rb1 50. Bg2 Ra1 51. Rc6+ Kd7 52. b7
Rxa5 53. b8=Q Rg5+ 54. Kf4 Rxg2 55. Qb7+ Kd8 56. Rc8# 1-0

[Event "DVM U12 2011"]
[Site "Arendsee (Altmark) GER"]
[Date "2011.12.29"]
[Round "5"]
[White "Dalchow, Jonas"]
[Black "Verfürth, Kevin"]
[Result "1-0"]
[Termination "normal"]
[Board "7.3"]
[WhiteElo "1088"]
[BlackElo "1086"]
[WhiteTeam "SC 1997 Lambsheim"]
[BlackTeam "SK Turm Kleve"]
[WhiteFideId "12971251"]
[BlackFideId "12954829"]
[EventCountry "GER"]
[EventRounds "7"]
[EventType "team-swiss"]
[EventDate "2011.12.26"]

1. e4 c5 2. Nf3 Nc6 3. d4 cxd4 4. Nxd4 d6 5. Nxc6 bxc6 6. Nc3 Nf6 7. Bf4 g6 8.
e5 Nh5 9. Qd4 Bg7 10. Bc4 dxe5 11. Qxd8+ Kxd8 12. O-O-O+ Ke8 13. Be3 Nf4 14.
Nb5 cxb5 15. Bxb5+ Bd7 16. Rxd7 Kf8 17. Rhd1 Ne6 18. Bc6 Rb8 19. Bxa7 Rc8 20.
Bb7 Re8 21. Bd5 Bh6+ 22. Be3 Bxe3+ 23. fxe3 Kg7 24. Bxe6 fxe6 25. Ra7 Ra8 26.
Rxa8 Rxa8 27. a3 Ra4 28. Rd7 Kf6 29. Rb7 Re4 30. Kd2 h5 31. Rb4 Kf5 32. Rxe4
Kxe4 33. a4 Kd5 34. a5 Kc5 35. b4+ Kb5 36. c4+ Ka6 37. Ke2 Kb7 38. Kf3 Kc6 39.
b5+ Kc5 40. a6 Kb6 41. Ke4 h4 42. Kxe5 g5 43. Kxe6 Kc5 44. a7 1-0

[Event "DVM U12 2011"]
[Site "Arendsee (Altmark) GER"]
[Date "2011.12.29"]
[Round "5"]
[White "Melde, Benjamin"]
[Black "Wacker, Andreas"]
[Result "1/2-1/2"]
[Termination "normal"]
[Board "7.4"]
[WhiteElo "908"]
[BlackElo "1038"]
[WhiteTeam "SK Turm Kleve"]
[BlackTeam "SC 1997 Lambsheim"]
[WhiteFideId "12958816"]
[BlackFideId "12953083"]
[EventCountry "GER"]
[EventRounds "7"]
[EventType "team-swiss"]
[EventDate "2011.12.26"]

1. e4 e5 2. Nf3 Nf6 3. Nc3 Nc6 4. Bb5 d6 5. d3 Bg4 6. h3 Bh5 7. O-O Be7 8. Be3
O-O 9. Bxc6 bxc6 10. d4 d5 11. dxe5 Nxe4 12. Nxe4 dxe4 13. Qxd8 Rfxd8 14. Nd2
Rd5 15. Nxe4 Rxe5 16. Ng3 Bg6 17. Bf4 Rc5 18. Bxc7 Rxc2 19. b3 Bf6 20. Rac1
Rxa2 21. Rxc6 Rb2 22. Rfc1 h6 23. f3 Rxb3 24. Ne4 Bxe4 25. fxe4 Re3 26. R1c4
Re8 27. Kf2 R3xe4 28. Rxe4 Rxe4 29. Ra6 Bd4+ 30. Kf3 Re7 31. Bd6 Rd7 32. Ke4
Bb6 33. Kd5 g6 34. Kc6 Rd8 35. Bc7 Rc8 36. Kd5 Rxc7 37. Ke5 Rc2 38. g3 Rh2 39.
h4 Rh3 40. Kf4 Bf2 41. Kf3 Bb6 42. Kg2 Rxh4 43. gxh4 Kg7 44. Kh3 f5 45. Kg3 g5
46. hxg5 hxg5 47. Ra2 a5 48. Rb2 Bc5 49. Rb5 Bb4 50. Rxf5 Kg6 51. Kg4 a4 52.
Rxg5+ Kf6 53. Rb5 Bc3 54. Rc5 Bb4 55. Rc4 Bd6 56. Rxa4 Ke5 57. Kf3 Kd5 58. Ke3
Bc5+ 59. Kd3 Bd6 60. Ra5+ Bc5 61. Kc3 Kd6 62. Kc4 Be3 63. Ra6+ Ke5 64. Kd3 Bc5
65. Kc4 Be3 66. Ra5+ Ke4 67. Kc3 Bd4+ 68. Kd2 Be3+ 69. Ke2 Bd4 70. Ra8 Kf4 71.
Kd3 Be5 72. Re8 Bf6 73. Kc4 Be5 74. Kd5 Bg7 75. Re1 Kf5 76. Re7 Bh6 77. Rh7 Bg5
78. Kd4 Kf4 79. Kd5 Kf5 80. Rh1 Kg4 81. Rf1 Bf4 82. Ke4 Bh2 83. Rf8 Kg5 84. Rh8
Bd6 85. Kd5 Bc7 86. Rh7 Bb8 87. Rf7 Kg6 88. Rf8 Bc7 89. Ke6 Kg5 90. Rf1 Bb6 91.
Ke5 Kg4 92. Ke4 Kg5 93. Rf5+ Kg4 94. Rf6 Bd8 95. Rf8 Be7 96. Rg8+ Bg5 97. Ke5
Kh4 98. Kf5 Bd2 99. Rg2 Bc1 100. Rg1 Bd2 101. Rd1 Bc3 102. Kf4 Kh5 103. Rd3 Bb2
1/2-1/2

[Event "DVM U12 2011"]
[Site "Arendsee (Altmark) GER"]
[Date "2011.12.29"]
[Round "5"]
[White "Pysmennyy, Illya"]
[Black "Wichmann, Adrian"]
[Result "0-1"]
[Termination "normal"]
[Board "8.1"]
[WhiteElo "1368"]
[BlackElo "1694"]
[WhiteTeam "PSC Hannover"]
[BlackTeam "SV Seubelsdorf"]
[BlackFideId "12904708"]
[EventCountry "GER"]
[EventRounds "7"]
[EventType "team-swiss"]
[EventDate "2011.12.26"]

1. e4 e6 2. d4 d5 3. e5 c5 4. c3 Nc6 5. Nf3 Qb6 6. a3 Bd7 7. Nbd2 cxd4 8. Nb3
dxc3 9. bxc3 Qc7 10. Bf4 Nge7 11. Bd3 Ng6 12. Bxg6 hxg6 13. O-O Na5 14. Nxa5
Qxa5 15. Qb3 Qc7 16. Rab1 b6 17. Be3 Bc5 18. Bd4 Be7 19. h3 Rc8 20. Rfc1 Bc5
21. Qb2 Qd8 22. Kh2 Qe7 23. Ra1 Rc7 24. Bxc5 Qxc5 25. Nd4 O-O 26. Qb4 Rfc8 27.
Rc2 Kf8 28. Rac1 Qxb4 29. cxb4 Rxc2 30. Rxc2 Rxc2 31. Nxc2 f6 32. f4 Ke7 33.
Kg3 g5 34. exf6+ Kxf6 35. Nd4 gxf4+ 36. Kf3 e5 37. Ne2 Kf5 38. Nc3 d4 39. Nd1
e4+ 40. Ke2 Bb5+ 41. Ke1 e3 42. Nb2 d3 43. a4 d2+ 44. Kd1 Bf1 0-1

[Event "DVM U12 2011"]
[Site "Arendsee (Altmark) GER"]
[Date "2011.12.29"]
[Round "5"]
[White "Kolb, Verena"]
[Black "Gisy, Gianna"]
[Result "1/2-1/2"]
[Termination "normal"]
[Board "8.2"]
[WhiteElo "964"]
[BlackElo "1329"]
[WhiteTeam "SV Seubelsdorf"]
[BlackTeam "PSC Hannover"]
[WhiteFideId "12992313"]
[EventCountry "GER"]
[EventRounds "7"]
[EventType "team-swiss"]
[EventDate "2011.12.26"]

1. e4 e5 2. Nf3 Nc6 3. Bb5 d6 4. O-O Bg4 5. h3 Bh5 6. g4 Bg6 7. d4 a6 8. Ba4 b5
9. Bb3 exd4 10. Nxd4 Bxe4 11. Re1 Ne5 12. Rxe4 c5 13. Nc6 Qf6 14. c4 Be7 15.
Bf4 Nxc6 16. Bxd6 Rd8 17. cxb5 Rxd6 18. Qe2 Nd4 19. Qe3 axb5 20. a4 c4 21. Bd1
Ne6 22. Nc3 bxa4 23. Bxa4+ Kf8 24. Rxc4 Nh6 25. Rc8+ Rd8 26. Rxd8+ Bxd8 27. Qd3
Qd4 28. Qb5 Nc7 29. Qc6 g6 30. Rd1 Qf4 31. Rxd8+ Kg7 32. Rxh8 Kxh8 33. Nd5 Nxd5
34. Qxd5 Qxa4 35. b3 Qa1+ 36. Kg2 Ng8 37. b4 Qb2 38. b5 Nf6 39. Qd8+ Kg7 40. b6
Ne4 41. Kf3 Nc5 42. g5 Qc3+ 43. Kg4 Qc4+ 44. Kf3 Qe4+ 45. Kg3 Qe5+ 46. Kg2 Qe4+
47. Kg3 Qe5+ 1/2-1/2

[Event "DVM U12 2011"]
[Site "Arendsee (Altmark) GER"]
[Date "2011.12.29"]
[Round "5"]
[White "Gisy, Gemma"]
[Black "Werner, Sebastian"]
[Result "1/2-1/2"]
[Termination "normal"]
[Board "8.3"]
[WhiteElo "1062"]
[BlackElo "1043"]
[WhiteTeam "PSC Hannover"]
[BlackTeam "SV Seubelsdorf"]
[EventCountry "GER"]
[EventRounds "7"]
[EventType "team-swiss"]
[EventDate "2011.12.26"]

1. e4 c5 2. f4 Nc6 3. Nc3 g6 4. Nf3 Bg7 5. Bb5 a6 6. Bxc6 bxc6 7. O-O Nf6 8. d3
d5 9. e5 Ng4 10. d4 cxd4 11. Nxd4 Qb6 12. Kh1 a5 13. Qe1 Qxd4 14. Qd2 Qxd2 15.
Bxd2 Ba6 16. Rf3 O-O 17. h3 Nh6 18. g4 f6 19. e6 g5 20. f5 d4 21. Na4 Be2 22.
Rg3 Rad8 23. Bxa5 Ra8 24. b4 Bb5 25. Nc5 Bc4 26. a3 Bd5+ 27. Kg1 Rfd8 28. Bxd8
Rxd8 29. Nd7 Be4 30. c3 dxc3 31. Rxc3 Nxf5 32. gxf5 Bxf5 33. Rxc6 Be4 34. Rc5
f5 35. Rd1 Ra8 36. Ra5 Rc8 37. Rb5 Bf3 38. Rd2 Bc3 39. Rf2 Bd4 40. Rb8 Bxf2+
41. Kxf2 Rxb8 42. Nxb8 Bd5 43. Nd7 Bxe6 44. Nc5 Bd5 45. b5 Kf8 46. b6 e5 47.
Nd7+ Ke7 48. Nxe5 Ke6 49. Nc4 Kd7 50. Ne5+ Kc8 51. Nf3 g4 52. hxg4 Bxf3 53.
Kxf3 fxg4+ 54. Kxg4 Kb7 55. Kg5 Kxb6 56. Kh6 Ka5 57. Kxh7 Ka4 58. Kg6 Kxa3
1/2-1/2

[Event "DVM U12 2011"]
[Site "Arendsee (Altmark) GER"]
[Date "2011.12.29"]
[Round "5"]
[White "Wiemann, Daniel"]
[Black "Phunhon Lopez, Daniel Alejandro"]
[Result "0-1"]
[Termination "normal"]
[Board "8.4"]
[WhiteElo "1047"]
[BlackElo "1083"]
[WhiteTeam "SV Seubelsdorf"]
[BlackTeam "PSC Hannover"]
[WhiteFideId "12942944"]
[BlackFideId "12952567"]
[EventCountry "GER"]
[EventRounds "7"]
[EventType "team-swiss"]
[EventDate "2011.12.26"]

1. e4 c5 2. Nf3 d6 3. Nc3 Nf6 4. d4 cxd4 5. Nxd4 g6 6. Nf3 Bg7 7. e5 dxe5 8.
Qxd8+ Kxd8 9. Nxe5 Ke8 10. Bc4 e6 11. Nb5 Na6 12. b3 Nd7 13. f4 Nxe5 14. fxe5
Bxe5 15. Rb1 Nb4 16. Bb2 Bxb2 17. Rxb2 Na6 18. O-O Ke7 19. a4 Rd8 20. Nc3 Nb4
21. Nb5 a6 22. Na3 Bd7 23. Rd1 Bc6 24. Rxd8 Rxd8 25. c3 Nd5 26. Bxd5 Rxd5 27.
c4 Rd3 28. Kf2 f5 29. Ke2 Rd6 30. g3 Kf6 31. c5 Rd5 32. b4 Re5+ 33. Kd2 Bxa4
34. Nc4 Rd5+ 35. Kc3 Rd1 36. Nb6 Bb5 37. Nc8 Rd3+ 38. Kc2 Rf3 39. Nd6 Rf2+ 40.
Kc3 Rxb2 41. Kxb2 Bc6 42. Kb3 e5 43. Nc4 Bd5 44. Kc3 Bxc4 45. Kxc4 Ke6 46. b5
axb5+ 47. Kxb5 e4 48. Kb6 e3 49. Kxb7 e2 50. c6 e1=Q 51. c7 Qb4+ 52. Kc8 Ke7
53. g4 Qxg4 54. Kb8 Qb4+ 55. Kc8 f4 56. h4 Qc5 57. h5 Qxc7+ 58. Kxc7 f3 59.
hxg6 hxg6 60. Kc6 f2 61. Kd5 f1=Q 62. Kd4 Qe2 63. Kc3 Qd1 64. Kb2 Qd3 65. Ka2
Qb5 66. Ka3 g5 67. Ka2 Qb4 68. Ka1 g4 69. Ka2 g3 70. Ka1 g2 71. Ka2 Ke6 72. Ka1
g1=R+ 73. Ka2 Rg2+ 74. Ka1 Qb2# 0-1

[Event "DVM U12 2011"]
[Site "Arendsee (Altmark) GER"]
[Date "2011.12.29"]
[Round "5"]
[White "Fesenmeier, Lukas"]
[Black "Meier, Lukas"]
[Result "1-0"]
[Termination "normal"]
[Board "9.1"]
[WhiteElo "1462"]
[BlackElo "1006"]
[WhiteTeam "SK Endingen"]
[BlackTeam "SV Oberursel"]
[EventCountry "GER"]
[EventRounds "7"]
[EventType "team-swiss"]
[EventDate "2011.12.26"]

1. d4 Nf6 2. Nf3 e6 3. c4 h6 4. e3 b6 5. Nc3 Bb7 6. Be2 Be7 7. O-O O-O 8. Qc2
d6 9. b3 Nbd7 10. Bb2 d5 11. Rac1 a6 12. cxd5 exd5 13. Bd3 Re8 14. Ne2 Bd6 15.
Rfe1 g6 16. Ne5 Nxe5 17. dxe5 Bxe5 18. Bxe5 Rxe5 19. Qxc7 Qxc7 20. Rxc7 Rb8 21.
Rec1 b5 22. Nd4 h5 23. Nf3 Re6 24. Ng5 Rb6 25. Rxf7 Ng4 26. Rcc7 Nh6 27. Rg7+
Kf8 28. Bxg6 Rxg6 29. Rxg6 Ng4 30. Rb6 d4 31. exd4 Re8 32. Ne6+ Kg8 33. Rcxb7
b4 34. Rb8 Rxb8 35. Rxb8+ Kf7 36. Ng5+ Kg6 37. h4 1-0

[Event "DVM U12 2011"]
[Site "Arendsee (Altmark) GER"]
[Date "2011.12.29"]
[Round "5"]
[White "Rogalski, Maximilian"]
[Black "Bleyer, Kalle"]
[Result "1/2-1/2"]
[Termination "normal"]
[Board "9.2"]
[WhiteElo "1010"]
[BlackElo "1350"]
[WhiteTeam "SV Oberursel"]
[BlackTeam "SK Endingen"]
[BlackFideId "1270775"]
[EventCountry "GER"]
[EventRounds "7"]
[EventType "team-swiss"]
[EventDate "2011.12.26"]

1. e4 e5 2. Nf3 Nc6 3. Bc4 Bc5 4. O-O Nf6 5. Nc3 d6 6. h3 Nd4 7. d3 h6 8. Be3
Nxf3+ 9. Qxf3 Bxe3 10. Qxe3 Be6 11. Rac1 Bxc4 12. dxc4 Qd7 13. b3 O-O 14. f4
Rfe8 15. f5 c6 16. Rcd1 Qe7 17. Qf3 Kh7 18. Kh1 Nd7 19. Qg4 Qf6 20. Rf3 Rad8
21. Rfd3 Nb6 22. R1d2 Rd7 1/2-1/2

[Event "DVM U12 2011"]
[Site "Arendsee (Altmark) GER"]
[Date "2011.12.29"]
[Round "5"]
[White "Galli, Elias"]
[Black "Spierling, Maximilian"]
[Result "1-0"]
[Termination "normal"]
[Board "9.3"]
[WhiteElo "1229"]
[BlackElo "1102"]
[WhiteTeam "SK Endingen"]
[BlackTeam "SV Oberursel"]
[WhiteFideId "1270780"]
[EventCountry "GER"]
[EventRounds "7"]
[EventType "team-swiss"]
[EventDate "2011.12.26"]

1. e4 e5 2. Nf3 Nc6 3. Bb5 Bc5 4. Nxe5 Nf6 5. Bxc6 bxc6 6. Nc3 O-O 7. O-O Re8
8. d4 Bb6 9. Bg5 d6 10. Nf3 h6 11. Bh4 Bg4 12. h3 Bxf3 13. Qxf3 Bxd4 14. Rad1
Be5 15. Qe2 d5 16. f4 Bxc3 17. bxc3 Qd7 18. Bxf6 gxf6 19. Rd2 Rxe4 20. Qxe4
dxe4 21. Rxd7 Rc8 22. Rfd1 c5 23. Rd8+ Rxd8 24. Rxd8+ Kg7 25. f5 h5 26. Re8 Kh6
27. Rxe4 Kg5 28. g4 hxg4 29. hxg4 a5 30. Kg2 c6 31. Kg3 c4 32. Re1 Kh6 33. Kf4
a4 34. Rh1+ Kg7 35. g5 fxg5+ 36. Kxg5 Kf8 1-0

[Event "DVM U12 2011"]
[Site "Arendsee (Altmark) GER"]
[Date "2011.12.29"]
[Round "5"]
[White "Vogt, Dennis"]
[Black "Fesenmeier, Karl"]
[Result "0-1"]
[Termination "normal"]
[Board "9.4"]
[WhiteElo "800"]
[BlackElo "1213"]
[WhiteTeam "SV Oberursel"]
[BlackTeam "SK Endingen"]
[EventCountry "GER"]
[EventRounds "7"]
[EventType "team-swiss"]
[EventDate "2011.12.26"]

1. e4 e5 2. Nc3 Nf6 3. Nf3 Nc6 4. d3 h6 5. Bd2 Bc5 6. h3 d6 7. Be2 Be6 8. O-O
Qd7 9. Rc1 O-O-O 10. Re1 Bxh3 11. gxh3 Qxh3 12. Bf1 Qg3+ 13. Kh1 Bxf2 14. Re2
Qxf3+ 15. Bg2 Qg3 16. Qf1 Ng4 17. Bh3 Qh2# 0-1

[Event "DVM U12 2011"]
[Site "Arendsee (Altmark) GER"]
[Date "2011.12.29"]
[Round "6"]
[White "Böhning, Kilian"]
[Black "Sawlin, Leonid"]
[Result "1/2-1/2"]
[Termination "normal"]
[Board "1.1"]
[WhiteElo "1738"]
[BlackElo "1874"]
[WhiteTeam "Hagener SV"]
[BlackTeam "TuS Makkabi Berlin"]
[WhiteFideId "1270499"]
[BlackFideId "4689542"]
[EventCountry "GER"]
[EventRounds "7"]
[EventType "team-swiss"]
[EventDate "2011.12.26"]

1. e4 e6 2. d4 d5 3. exd5 exd5 4. Bd3 Nc6 5. Ne2 Bd6 6. Nbc3 Nge7 7. Be3 Bg4 8.
Qd2 Nb4 9. Nc1 Qd7 10. f3 Bf5 11. Bxf5 Nxf5 12. a3 Qe7 13. axb4 Nxe3 14. Kf2
Nc4 15. Qe1 c6 16. Qxe7+ Bxe7 17. Nd3 O-O 18. b3 Bf6 19. Ne2 Nd6 20. c3 Rfe8
21. h4 Nf5 22. Ndf4 Bxh4+ 23. g3 Bf6 24. b5 a5 25. bxa6 bxa6 26. Ra2 a5 27.
Rha1 Reb8 28. Rb1 Rb5 29. Nd3 Rab8 30. Nec1 Bg5 31. Nc5 h5 32. N1d3 Rc8 33.
Rba1 Bd8 34. Re2 Bf6 35. Ra4 Nd6 36. Ra1 Nf5 37. Kg2 Kh7 38. Rh1 h4 39. gxh4
Nxh4+ 40. Kg3 g5 41. f4 Rg8 42. f5 Kg7 43. Kg4 Rd8 44. Ra2 Re8 45. Re1 Rxe1 46.
Nxe1 Rb8 47. Re2 Ra8 48. Ned3 Ra7 49. Re8 Re7 50. Rxe7 Bxe7 51. Nb7 Kf6 52.
Nxa5 Nxf5 53. Nxc6 Bd6 54. Kf3 Ne7 55. Nce5 Ke6 56. Kg4 f6 57. Nf3 Nf5 58. Nd2
1/2-1/2

[Event "DVM U12 2011"]
[Site "Arendsee (Altmark) GER"]
[Date "2011.12.29"]
[Round "6"]
[White "Lagunow, Raphael"]
[Black "Balazs, Balint"]
[Result "1-0"]
[Termination "normal"]
[Board "1.2"]
[WhiteElo "1801"]
[BlackElo "1670"]
[WhiteTeam "TuS Makkabi Berlin"]
[BlackTeam "Hagener SV"]
[WhiteFideId "24652644"]
[BlackFideId "12922757"]
[EventCountry "GER"]
[EventRounds "7"]
[EventType "team-swiss"]
[EventDate "2011.12.26"]

1. Nf3 Nc6 2. d4 Nf6 3. g3 d5 4. c4 Bf5 5. Nc3 e6 6. Bg2 Bb4 7. O-O O-O 8. cxd5
exd5 9. Bg5 Bxc3 10. bxc3 h6 11. Bxf6 Qxf6 12. Nd2 Rad8 13. e4 dxe4 14. Nxe4
Qg6 15. Re1 Rfe8 16. Qf3 Bxe4 17. Rxe4 Rxe4 18. Qxe4 Qxe4 19. Bxe4 Na5 20. Rb1
c6 21. Kg2 Kf8 22. Kf3 Rd7 23. Ke2 Nc4 24. Rb4 Nd6 25. Bd3 Re7+ 26. Kd2 Ke8 27.
Rb1 Ne4+ 28. Bxe4 Rxe4 29. Rxb7 a5 30. Ra7 Rg4 31. Rxa5 Kd7 32. Ra7+ Ke6 33.
Rc7 Kd6 34. Rxf7 c5 35. Kd3 cxd4 36. cxd4 Kd5 37. Rf5+ Kd6 38. Rc5 Rg6 39. a4
Kd7 40. a5 Ra6 41. Kc4 Ra8 42. d5 Rb8 43. Rc6 Rb1 44. a6 Rc1+ 45. Kb5 Rb1+ 46.
Kc5 Rc1+ 47. Kb6 Rb1+ 48. Ka7 Rb5 49. Rg6 Rxd5 50. Rxg7+ Kc8 51. Kb6 Rd6+ 52.
Kb5 Kb8 53. h4 Rf6 54. f4 Rf5+ 55. Kc6 Rf6+ 56. Kc5 Rxa6 57. f5 Kc8 58. Rg6 Ra7
59. Rg8+ 1-0